[Event "ODJM B 2023"]
[Site "Willingen GER"]
[Date "2023.05.31"]
[Round "5"]
[White "Roth, Jonas"]
[Black "Kutz, Paul Matti"]
[Result "1-0"]
[Termination "normal"]
[Board "47"]
[WhiteElo "1529"]
[BlackElo "1537"]
[PlyCount "95"]
[WhiteFideId "34623515"]
[BlackFideId "16296265"]
[EventCountry "GER"]
[EventRounds "9"]
[EventType "swiss"]
[EventDate "2023.05.27"]

1. e4 e6 2. d4 d5 3. e5 c5 4. c3 Nc6 5. Nf3 Qb6 6. a3 Na5 7. Bd3 Nb3 8. Ra2 c4
9. Bc2 a5 10. a4 Bd7 11. Ng5 Ne7 12. Qf3 Nxc1 13. Qxf7+ Kd8 14. Ra3 Qxb2 15.
Kd1 Nd3 16. Kd2 Nf5 17. Nxe6+ Bxe6 18. Qxe6 Nxf2 19. Qxd5+ Kc8 20. Qxc4+ Kb8
21. Ra2 Ne4+ 22. Kd3 Qb6 23. Kxe4 Qg6 24. Kf4 Be7 25. Bxf5 Rf8 26. g4 Qh6+ 27.
Ke4 g6 28. h4 gxf5+ 29. gxf5 Qh5 30. Qf1 Qf7 31. Rb2 Qh5 32. Qf3 Qh6 33. Kd3
Qa6+ 34. Rb5 Ra7 35. Nd2 Bb4 36. Ne4 Qc6 37. c4 Rc8 38. Rc1 Qh6 39. Rc2 Qxh4
40. c5 Qe1 41. e6 Qa1 42. Nc3 Bxc3 43. Rxc3 Qxa4 44. Rcb3 Rc7 45. f6 Ra6 46.
Rxb7+ Ka8 47. Rb8+ Ka7 48. Qa8# 1-0

[Event "ODJM B 2023"]
[Site "Willingen GER"]
[Date "2023.05.31"]
[Round "5"]
[White "Kraus, Johanna"]
[Black "Farokhi, Darian"]
[Result "0-1"]
[Termination "normal"]
[Board "48"]
[WhiteElo "1408"]
[BlackElo "1455"]
[PlyCount "99"]
[WhiteFideId "34653872"]
[BlackFideId "16253108"]
[EventCountry "GER"]
[EventRounds "9"]
[EventType "swiss"]
[EventDate "2023.05.27"]

1. d4 d5 2. c4 e6 3. a3 c6 4. Bf4 dxc4 5. e4 b5 6. a4 a6 7. Ne2 Nf6 8. Ng3 Bb4+
9. Nc3 Nbd7 10. axb5 cxb5 11. Be2 Bb7 12. O-O Bxc3 13. bxc3 Nxe4 14. Qc2 Nxg3
15. fxg3 h6 16. Bd6 Nf6 17. Bc5 Nd5 18. Qd2 Ne7 19. Rf2 O-O 20. Raf1 Rc8 21.
Qc2 Qe8 22. h4 f6 23. Bd1 Qf7 24. g4 Rfe8 25. g5 hxg5 26. hxg5 f5 27. g4 Qg6
28. Qd2 Be4 29. Rh2 f4 30. Rxf4 Nd5 31. Rff2 Rc7 32. Bd6 Rf7 33. Re2 Bd3 34.
Re1 Rd8 35. Bg3 Rdf8 36. Bf2 a5 37. Qc1 b4 38. cxb4 axb4 39. Ba4 Rf4 40. Bd7
Rxg4+ 41. Rg2 Rxg2+ 42. Kxg2 Rxf2+ 43. Kxf2 Qf7+ 44. Kg3 Qxd7 45. Rd1 Qd6+ 46.
Kh3 Nf4+ 47. Kh4 Ne2 48. Qe3 Qf4+ 49. Qxf4 Nxf4 50. Kg4 0-1

[Event "ODJM B 2023"]
[Site "Willingen GER"]
[Date "2023.05.31"]
[Round "5"]
[White "Moldovan, Tudor"]
[Black "Neumeier, Konstantin"]
[Result "1/2-1/2"]
[Termination "normal"]
[Board "49"]
[WhiteElo "1380"]
[BlackElo "1413"]
[PlyCount "44"]
[WhiteFideId "16288203"]
[BlackFideId "34608230"]
[EventCountry "GER"]
[EventRounds "9"]
[EventType "swiss"]
[EventDate "2023.05.27"]

1. e4 e5 2. Nf3 Nc6 3. Bb5 f5 4. d3 fxe4 5. dxe4 Bc5 6. O-O d6 7. Nc3 Bg4 8.
Bg5 Bxf3 9. Qd2 Qd7 10. gxf3 Nf6 11. f4 Qg4+ 12. Kh1 Qf3+ 13. Kg1 h5 14. Bxc6+
bxc6 15. Qd3 Qg4+ 16. Qg3 Qxg3+ 17. hxg3 Ng4 18. Ne2 Rb8 19. b3 Rb4 20. c4 Rf8
21. Kg2 Kd7 22. Rad1 Rbb8 1/2-1/2

[Event "ODJM B 2023"]
[Site "Willingen GER"]
[Date "2023.05.31"]
[Round "5"]
[White "Ginschel, Leonhard"]
[Black "Junge, Julia"]
[Result "1-0"]
[Termination "normal"]
[Board "50"]
[WhiteElo "1376"]
[BlackElo "1367"]
[PlyCount "47"]
[WhiteFideId "16290917"]
[BlackFideId "16293908"]
[EventCountry "GER"]
[EventRounds "9"]
[EventType "swiss"]
[EventDate "2023.05.27"]

1. e4 e5 2. Nf3 Nc6 3. Bc4 Bc5 4. c3 Nf6 5. d3 d5 6. exd5 Nxd5 7. Qb3 Nb6 8.
Bxf7+ Kf8 9. Bc4 Na5 10. Qb5 Naxc4 11. Qxc5+ Qd6 12. Qxd6+ Nxd6 13. Nxe5 Bf5
14. d4 Re8 15. O-O Nbc4 16. Nxc4 Nxc4 17. b3 Nd6 18. Be3 Nb5 19. c4 Nd6 20. Nc3
c6 21. Rfe1 b5 22. cxb5 cxb5 23. Bf4 Rxe1+ 24. Rxe1 1-0

[Event "ODJM B 2023"]
[Site "Willingen GER"]
[Date "2023.05.31"]
[Round "5"]
[White "Meitzner, Johan Eduard"]
[Black "Hensen, Malte"]
[Result "1-0"]
[Termination "normal"]
[Board "51"]
[WhiteElo "1262"]
[BlackElo "1484"]
[PlyCount "77"]
[WhiteFideId "34623612"]
[BlackFideId "34660356"]
[EventCountry "GER"]
[EventRounds "9"]
[EventType "swiss"]
[EventDate "2023.05.27"]

1. d4 d5 2. Nc3 Nf6 3. Bf4 c6 4. e3 e6 5. Nf3 Be7 6. Bd3 O-O 7. h3 c5 8. O-O
cxd4 9. exd4 a6 10. a3 Nc6 11. b4 b5 12. Qd2 Qb6 13. Rab1 Bd7 14. Rfe1 Rac8 15.
Re3 Na7 16. Ne5 Rfd8 17. Rf3 Nc6 18. Ne2 Bd6 19. Qe3 a5 20. bxa5 Qxa5 21. Nxd7
Rxd7 22. Bxd6 Rxd6 23. Rxb5 Qe1+ 24. Kh2 Re8 25. Qg5 Ne4 26. Qf4 f5 27. Bxe4
dxe4 28. Re3 Red8 29. Rb7 Qa1 30. Rg3 R8d7 31. Rc7 e5 32. Rc8+ Rd8 33. Qg5 g6
34. Rxd8+ Nxd8 35. Qxf5 exd4 36. Qxe4 Re6 37. Qd5 Qf1 38. Qxd8+ Kf7 39. Rf3+
1-0

[Event "ODJM B 2023"]
[Site "Willingen GER"]
[Date "2023.05.31"]
[Round "5"]
[White "Köpnick, Amanda"]
[Black "Stelter, Finja"]
[Result "1-0"]
[Termination "normal"]
[Board "52"]
[WhiteElo "1271"]
[BlackElo "1322"]
[PlyCount "143"]
[WhiteFideId "34618538"]
[BlackFideId "16298624"]
[EventCountry "GER"]
[EventRounds "9"]
[EventType "swiss"]
[EventDate "2023.05.27"]

1. e4 c5 2. Nf3 Nc6 3. d4 cxd4 4. Nxd4 g6 5. Nc3 Bg7 6. Be3 Nf6 7. Qd2 Ng4 8.
Nxc6 bxc6 9. Bd4 O-O 10. Bxg7 Kxg7 11. Be2 d6 12. h3 Nf6 13. h4 h5 14. O-O-O
Rb8 15. e5 Ng4 16. Bxg4 Bxg4 17. f3 Be6 18. exd6 Qb6 19. Qd4+ Qxd4 20. Rxd4
exd6 21. Rxd6 Rb6 22. Na4 Ra6 23. Nc5 Rxa2 24. Nxe6+ fxe6 25. Kb1 Ra6 26. Re1
Rf4 27. Rdxe6 Rxh4 28. b3 Rh2 29. R1e2 Rh1+ 30. Kb2 Rd1 31. Kc3 Rd7 32. Re7+
Rxe7 33. Rxe7+ Kf6 34. Rc7 g5 35. Kd4 Ke6 36. Kc5 Ra1 37. Rxc6+ Ke5 38. Rd6 Rg1
39. Rd2 Kf4 40. Kd4 Kg3 41. c4 Rc1 42. Kd3 h4 43. Ke4 g4 44. fxg4 Kxg4 45. Rd5
Re1+ 46. Kd3 Rd1+ 47. Ke2 Rb1 48. Rd3 Rb2+ 49. Kf1 Rc2 50. Kg1 a5 51. Kf1 Ra2
52. Rc3 a4 53. bxa4 Rxa4 54. c5 Ra1+ 55. Kf2 Ra2+ 56. Kg1 Ra1+ 57. Kh2 Ra8 58.
c6 Rc8 59. c7 Kf5 60. Kh3 Kg5 61. Rc5+ Kf6 62. Kxh4 Ke6 63. g4 Kd7 64. Rc1 Rxc7
65. Rxc7+ Kxc7 66. Kg5 Kd7 67. Kf6 Ke8 68. Kg7 Ke7 69. g5 Ke6 70. g6 Kf5 71.
Kf7 Kg5 72. g7 1-0

[Event "ODJM B 2023"]
[Site "Willingen GER"]
[Date "2023.05.31"]
[Round "6"]
[White "Kuhlmann, Nils Magnus"]
[Black "Khudagulyan, Xoren"]
[Result "0-1"]
[Termination "normal"]
[Board "1"]
[WhiteElo "1553"]
[BlackElo "1698"]
[WhiteClock "00:34:33"]
[BlackClock "00:25:59"]
[PlyCount "66"]
[WhiteFideId "16287177"]
[BlackFideId "34618945"]
[EventCountry "GER"]
[EventRounds "9"]
[EventType "swiss"]
[EventDate "2023.05.27"]

1. e4 {[%clk 01:30:58]} {[%emt 00:00:02]} e6 {[%clk 01:30:53]} {[%emt
00:00:07]} 2. d4 {[%clk 01:31:08]} {[%emt 00:00:20]} d5 {[%clk 01:31:22]}
{[%emt 00:00:01]} 3. exd5 {[%clk 01:31:18]} {[%emt 00:00:19]} exd5 {[%clk
01:31:51]} 4. Bd3 {[%clk 01:31:27]} {[%emt 00:00:22]} Nf6 {[%clk 01:32:16]}
{[%emt 00:00:05]} 5. Nf3 {[%clk 01:31:41]} {[%emt 00:00:16]} c5 {[%clk
01:32:38]} {[%emt 00:00:07]} 6. O-O {[%clk 01:31:46]} {[%emt 00:00:25]} c4
{[%clk 01:33:04]} {[%emt 00:00:05]} 7. Re1+ {[%clk 01:31:13]} {[%emt 00:01:03]}
Be7 {[%clk 01:33:30]} {[%emt 00:00:04]} 8. Be2 {[%clk 01:31:34]} {[%emt
00:00:09]} O-O {[%clk 01:33:51]} {[%emt 00:00:09]} 9. Bf4 {[%clk 01:31:44]}
{[%emt 00:00:21]} Nc6 {[%clk 01:34:04]} {[%emt 00:00:17]} 10. h3 {[%clk
01:30:24]} {[%emt 00:01:49]} Bf5 {[%clk 01:32:41]} {[%emt 00:01:52]} 11. c3
{[%clk 01:27:52]} {[%emt 00:03:03]} h6 {[%clk 01:32:35]} {[%emt 00:00:36]} 12.
Nbd2 {[%clk 01:27:00]} {[%emt 00:01:22]} Bd6 {[%clk 01:29:46]} {[%emt
00:03:19]} 13. Ne5 {[%clk 01:25:32]} {[%emt 00:01:58]} Qc7 {[%clk 01:26:22]}
{[%emt 00:03:54]} 14. Nxc6 {[%clk 01:13:48]} {[%emt 00:12:15]} Bxf4 {[%clk
01:24:49]} {[%emt 00:02:02]} 15. Ne5 {[%clk 01:13:42]} {[%emt 00:00:35]} Rfe8
{[%clk 01:18:36]} {[%emt 00:06:43]} 16. Ndf3 {[%clk 01:13:31]} {[%emt
00:00:42]} Ne4 {[%clk 01:12:34]} {[%emt 00:06:32]} 17. Nh4 {[%clk 01:01:39]}
{[%emt 00:12:20]} Bh7 {[%clk 01:07:42]} {[%emt 00:05:23]} 18. Ng4 {[%clk
00:57:20]} {[%emt 00:04:49]} h5 {[%clk 01:06:00]} {[%emt 00:02:13]} 19. Ne5
{[%clk 00:56:31]} {[%emt 00:01:19]} Bxe5 {[%clk 00:48:25]} {[%emt 00:18:05]}
20. dxe5 {[%clk 00:56:09]} {[%emt 00:00:51]} Qxe5 {[%clk 00:48:31]} {[%emt
00:00:24]} 21. Bxh5 {[%clk 00:56:00]} {[%emt 00:00:40]} Qg5 {[%clk 00:47:51]}
{[%emt 00:01:09]} 22. Qg4 {[%clk 00:53:19]} {[%emt 00:03:11]} Qh6 {[%clk
00:40:02]} {[%emt 00:08:19]} 23. Nf5 {[%clk 00:45:49]} {[%emt 00:08:01]} Bxf5
{[%clk 00:39:51]} {[%emt 00:00:41]} 24. Qxf5 {[%clk 00:45:56]} {[%emt
00:00:23]} g6 {[%clk 00:40:01]} {[%emt 00:00:20]} 25. Qxd5 {[%clk 00:46:11]}
{[%emt 00:00:15]} Qxh5 {[%clk 00:39:19]} {[%emt 00:01:11]} 26. Qxb7 {[%clk
00:46:18]} {[%emt 00:00:23]} Qf5 {[%clk 00:36:16]} {[%emt 00:03:33]} 27. Re2
{[%clk 00:41:50]} {[%emt 00:04:57]} Nc5 {[%clk 00:29:10]} {[%emt 00:07:37]} 28.
Rxe8+ {[%clk 00:39:43]} {[%emt 00:02:37]} Rxe8 {[%clk 00:29:38]} {[%emt
00:00:02]} 29. Qxa7 {[%clk 00:39:40]} {[%emt 00:00:34]} Re2 {[%clk 00:29:29]}
{[%emt 00:00:39]} 30. Rf1 {[%clk 00:35:06]} {[%emt 00:05:03]} Rxb2 {[%clk
00:29:09]} {[%emt 00:00:51]} 31. a4 {[%clk 00:35:12]} {[%emt 00:00:24]} Ra2
{[%clk 00:28:57]} {[%emt 00:00:41]} 32. a5 {[%clk 00:35:16]} {[%emt 00:00:27]}
Kg7 {[%clk 00:25:59]} {[%emt 00:03:27]} 33. Qb6 {[%clk 00:34:33]} {[%emt
00:01:14]} Qd5 {[%emt 00:09:39]} 0-1

[Event "ODJM B 2023"]
[Site "Willingen GER"]
[Date "2023.05.31"]
[Round "6"]
[White "Andrade, Ruben"]
[Black "Weyerer, Noah"]
[Result "0-1"]
[Termination "normal"]
[Board "2"]
[WhiteElo "1753"]
[BlackElo "1677"]
[WhiteClock "00:27:22"]
[BlackClock "00:38:33"]
[PlyCount "110"]
[WhiteFideId "16246829"]
[BlackFideId "16250664"]
[EventCountry "GER"]
[EventRounds "9"]
[EventType "swiss"]
[EventDate "2023.05.27"]

1. e4 {[%clk 01:30:58]} {[%emt 00:00:01]} e6 {[%clk 01:30:53]} {[%emt
00:00:07]} 2. d4 {[%clk 01:31:24]} {[%emt 00:00:05]} d5 {[%clk 01:31:17]}
{[%emt 00:00:06]} 3. Bd3 {[%clk 01:31:24]} {[%emt 00:00:29]} c5 {[%clk
01:26:29]} {[%emt 00:05:18]} 4. exd5 {[%clk 01:30:48]} {[%emt 00:01:07]} Qxd5
{[%clk 01:25:51]} {[%emt 00:01:08]} 5. Nc3 {[%clk 01:30:10]} {[%emt 00:01:08]}
Qd8 {[%clk 01:23:38]} {[%emt 00:02:43]} 6. Nf3 {[%clk 01:27:51]} {[%emt
00:02:48]} Nf6 {[%clk 01:22:43]} {[%emt 00:01:25]} 7. O-O {[%clk 01:23:46]}
{[%emt 00:04:35]} Nc6 {[%clk 01:18:28]} {[%emt 00:04:46]} 8. Be3 {[%clk
01:11:33]} {[%emt 00:12:43]} cxd4 {[%clk 01:16:47]} {[%emt 00:02:11]} 9. Nxd4
{[%clk 01:11:06]} {[%emt 00:00:56]} Nxd4 {[%clk 01:10:29]} {[%emt 00:06:48]}
10. Bxd4 {[%clk 01:11:26]} {[%emt 00:00:10]} a6 {[%clk 01:07:57]} {[%emt
00:03:02]} 11. Ne4 {[%clk 01:01:34]} {[%emt 00:10:21]} Be7 {[%clk 01:05:30]}
{[%emt 00:02:58]} 12. a4 {[%clk 00:51:01]} {[%emt 00:11:04]} Bd7 {[%clk
01:00:20]} {[%emt 00:05:40]} 13. a5 {[%clk 00:47:45]} {[%emt 00:03:45]} Bc6
{[%clk 00:59:07]} {[%emt 00:01:42]} 14. Bb6 {[%clk 00:46:44]} {[%emt 00:01:32]}
Qd7 {[%clk 00:53:39]} {[%emt 00:05:58]} 15. Qe2 {[%clk 00:43:31]} {[%emt
00:03:43]} Nd5 {[%clk 00:48:45]} {[%emt 00:05:24]} 16. Rfd1 {[%clk 00:42:43]}
{[%emt 00:01:17]} Nxb6 {[%clk 00:45:13]} {[%emt 00:04:02]} 17. axb6 {[%clk
00:42:57]} {[%emt 00:00:17]} Qc8 {[%clk 00:41:47]} {[%emt 00:03:55]} 18. c4
{[%clk 00:40:12]} {[%emt 00:03:15]} Rb8 {[%clk 00:33:53]} {[%emt 00:08:25]} 19.
b4 {[%clk 00:20:56]} {[%emt 00:19:47]} Bxb4 {[%clk 00:31:44]} {[%emt 00:02:37]}
20. Qb2 {[%clk 00:21:04]} {[%emt 00:00:23]} Bf8 {[%clk 00:29:52]} {[%emt
00:02:22]} 21. Ng5 {[%clk 00:08:21]} {[%emt 00:13:12]} Qd8 {[%clk 00:22:53]}
{[%emt 00:07:30]} 22. h4 {[%clk 00:04:02]} {[%emt 00:04:49]} Qf6 {[%clk
00:22:00]} {[%emt 00:01:23]} 23. Qxf6 {[%clk 00:00:40]} {[%emt 00:03:51]} gxf6
{[%clk 00:22:26]} {[%emt 00:00:04]} 24. Ne4 {[%clk 00:00:48]} {[%emt 00:00:22]}
f5 {[%clk 00:22:25]} {[%emt 00:00:30]} 25. Nd2 {[%clk 00:00:39]} {[%emt
00:00:40]} Rg8 {[%clk 00:21:26]} {[%emt 00:01:29]} 26. f3 {[%clk 00:00:42]}
{[%emt 00:00:27]} Bc5+ {[%clk 00:21:27]} {[%emt 00:00:29]} 27. Kf1 {[%clk
00:00:39]} {[%emt 00:00:32]} Bxb6 {[%clk 00:21:16]} {[%emt 00:00:42]} 28. Rdb1
{[%clk 00:00:36]} {[%emt 00:00:33]} Bc7 {[%clk 00:17:54]} {[%emt 00:03:52]} 29.
c5 {[%clk 00:00:58]} {[%emt 00:00:08]} Rd8 {[%clk 00:17:32]} {[%emt 00:00:52]}
30. Rb3 {[%clk 00:00:51]} {[%emt 00:00:37]} Rxd3 {[%clk 00:16:02]} {[%emt
00:02:01]} 31. Rxd3 {[%clk 00:01:20]} {[%emt 00:00:01]} Bb5 {[%clk 00:16:22]}
{[%emt 00:00:10]} 32. Raa3 {[%clk 00:01:42]} {[%emt 00:00:08]} Ke7 {[%clk
00:16:03]} {[%emt 00:00:48]} 33. Kf2 {[%clk 00:00:35]} {[%emt 00:01:37]} Bg3+
{[%clk 00:15:11]} {[%emt 00:01:23]} 34. Ke3 {[%clk 00:00:42]} {[%emt 00:00:23]}
Bxd3 {[%clk 00:13:49]} {[%emt 00:01:51]} 35. Rxd3 {[%clk 00:01:04]} {[%emt
00:00:08]} Rc8 {[%clk 00:11:39]} {[%emt 00:02:39]} 36. Rb3 {[%clk 00:01:03]}
{[%emt 00:00:32]} Rc7 {[%clk 00:09:46]} {[%emt 00:02:23]} 37. Nc4 {[%clk
00:00:41]} {[%emt 00:00:52]} Bxh4 {[%clk 00:08:27]} {[%emt 00:01:49]} 38. Na5
{[%clk 00:00:39]} {[%emt 00:00:33]} Rxc5 {[%clk 00:07:37]} {[%emt 00:01:20]}
39. Rxb7+ {[%clk 00:01:07]} {[%emt 00:00:02]} Kf6 {[%clk 00:07:41]} {[%emt
00:00:25]} 40. Nb3 {[%clk 00:01:31]} {[%emt 00:00:06]} Rb5 {[%clk 00:07:44]}
{[%emt 00:00:26]} 41. Rxb5 {[%clk 00:28:26]} {[%emt 00:03:37]} axb5 {[%clk
00:38:07]} {[%emt 00:00:07]} 42. Nd4 {[%clk 00:27:54]} {[%emt 00:01:01]} b4
{[%clk 00:38:12]} {[%emt 00:00:25]} 43. f4 {[%clk 00:27:33]} {[%emt 00:00:51]}
Be1 {[%clk 00:37:57]} {[%emt 00:00:45]} 44. Nb3 {[%clk 00:27:03]} {[%emt
00:01:00]} Bc3 {[%clk 00:37:46]} {[%emt 00:00:42]} 45. Nc5 {[%clk 00:26:40]}
{[%emt 00:00:52]} Kg6 {[%clk 00:37:08]} {[%emt 00:01:08]} 46. Ke2 {[%clk
00:26:12]} {[%emt 00:00:58]} Bd4 {[%clk 00:36:19]} {[%emt 00:01:19]} 47. Nb3
{[%clk 00:26:26]} {[%emt 00:00:16]} Bb6 {[%clk 00:36:43]} {[%emt 00:00:05]} 48.
Kf3 {[%clk 00:26:13]} {[%emt 00:00:44]} Kh5 {[%clk 00:36:53]} {[%emt 00:00:20]}
49. Nd2 {[%clk 00:26:29]} {[%emt 00:00:14]} f6 {[%clk 00:36:50]} {[%emt
00:00:33]} 50. Nb3 {[%clk 00:26:55]} {[%emt 00:00:05]} e5 {[%clk 00:37:10]}
{[%emt 00:00:09]} 51. fxe5 {[%clk 00:26:50]} {[%emt 00:00:35]} fxe5 {[%clk
00:37:32]} {[%emt 00:00:07]} 52. Nd2 {[%clk 00:27:05]} {[%emt 00:00:16]} Kg5
{[%clk 00:37:42]} {[%emt 00:00:20]} 53. Nb3 {[%clk 00:26:56]} {[%emt 00:00:39]}
e4+ {[%clk 00:38:00]} {[%emt 00:00:12]} 54. Ke2 {[%clk 00:27:12]} {[%emt
00:00:14]} Kg4 {[%clk 00:38:15]} {[%emt 00:00:15]} 55. Nd2 {[%clk 00:27:22]}
{[%emt 00:00:20]} h5 {[%clk 00:38:33]} {[%emt 00:00:12]} 0-1

[Event "ODJM B 2023"]
[Site "Willingen GER"]
[Date "2023.05.31"]
[Round "6"]
[White "Friemel, Tim"]
[Black "Blome, Johannes"]
[Result "1/2-1/2"]
[Termination "normal"]
[Board "3"]
[WhiteElo "1692"]
[BlackElo "1849"]
[WhiteClock "00:18:15"]
[BlackClock "00:28:27"]
[PlyCount "56"]
[WhiteFideId "34607021"]
[BlackFideId "16233972"]
[EventCountry "GER"]
[EventRounds "9"]
[EventType "swiss"]
[EventDate "2023.05.27"]

1. d4 {[%clk 01:30:45]} {[%emt 00:00:14]} e5 {[%clk 01:30:57]} {[%emt
00:00:05]} 2. dxe5 {[%clk 01:29:56]} {[%emt 00:01:19]} Nc6 {[%clk 01:30:30]}
{[%emt 00:00:56]} 3. Nf3 {[%clk 01:29:35]} {[%emt 00:00:51]} Qe7 {[%clk
01:30:55]} {[%emt 00:00:07]} 4. e4 {[%clk 01:24:07]} {[%emt 00:05:57]} Nxe5
{[%clk 01:31:04]} {[%emt 00:00:21]} 5. Be2 {[%clk 01:23:41]} {[%emt 00:00:55]}
Nf6 {[%clk 01:29:35]} {[%emt 00:01:59]} 6. Nbd2 {[%clk 01:19:51]} {[%emt
00:04:19]} d6 {[%clk 01:27:27]} {[%emt 00:02:40]} 7. O-O {[%clk 01:15:59]}
{[%emt 00:04:20]} Bd7 {[%clk 01:25:07]} {[%emt 00:02:52]} 8. c3 {[%clk
01:09:37]} {[%emt 00:06:51]} Bc6 {[%clk 01:24:28]} {[%emt 00:01:09]} 9. Re1
{[%clk 00:58:55]} {[%emt 00:11:12]} O-O-O {[%clk 01:23:02]} {[%emt 00:01:56]}
10. Nxe5 {[%clk 00:51:30]} {[%emt 00:07:56]} dxe5 {[%clk 01:22:45]} {[%emt
00:00:47]} 11. Bf3 {[%clk 00:50:02]} {[%emt 00:01:58]} g5 {[%clk 01:21:07]}
{[%emt 00:02:08]} 12. Qe2 {[%clk 00:48:33]} {[%emt 00:01:57]} h5 {[%clk
01:20:37]} {[%emt 00:01:01]} 13. g3 {[%clk 00:46:45]} {[%emt 00:02:18]} g4
{[%clk 01:10:43]} {[%emt 00:10:24]} 14. Bg2 {[%clk 00:46:29]} {[%emt 00:00:45]}
Bh6 {[%clk 01:09:22]} {[%emt 00:01:51]} 15. Nf1 {[%clk 00:44:34]} {[%emt
00:02:25]} Qe6 {[%clk 01:00:05]} {[%emt 00:09:48]} 16. Bxh6 {[%clk 00:39:24]}
{[%emt 00:05:41]} Rxh6 {[%clk 01:00:30]} {[%emt 00:00:04]} 17. Qe3 {[%clk
00:39:10]} {[%emt 00:00:45]} Rdh8 {[%clk 00:58:40]} {[%emt 00:02:20]} 18. Qxa7
{[%clk 00:32:41]} {[%emt 00:06:58]} b6 {[%clk 00:57:59]} {[%emt 00:01:12]} 19.
Qa6+ {[%clk 00:32:04]} {[%emt 00:01:06]} Bb7 {[%clk 00:58:24]} {[%emt
00:00:05]} 20. Qe2 {[%clk 00:32:00]} {[%emt 00:00:34]} h4 {[%clk 00:57:32]}
{[%emt 00:01:22]} 21. a4 {[%clk 00:30:27]} {[%emt 00:02:03]} hxg3 {[%clk
00:51:06]} {[%emt 00:06:57]} 22. fxg3 {[%clk 00:30:29]} {[%emt 00:00:27]} Kb8
{[%clk 00:45:20]} {[%emt 00:06:17]} 23. a5 {[%clk 00:25:58]} {[%emt 00:05:01]}
bxa5 {[%clk 00:45:16]} {[%emt 00:00:34]} 24. Qb5 {[%clk 00:24:21]} {[%emt
00:02:06]} Qb6+ {[%clk 00:43:43]} {[%emt 00:02:03]} 25. Qxb6 {[%clk 00:23:43]}
{[%emt 00:01:09]} cxb6 {[%emt 00:03:27]} 26. b4 {[%clk 00:20:50]} axb4 {[%clk
00:43:29]} {[%emt 00:01:10]} 27. cxb4 {[%clk 00:21:08]} {[%emt 00:00:12]} Rd8
{[%clk 00:40:21]} {[%emt 00:03:37]} 28. Ne3 {[%clk 00:18:15]} {[%emt 00:03:24]}
Rg6 {[%clk 00:28:27]} {[%emt 00:12:24]} 1/2-1/2